| 000 | 00491nam a2200181Ia 4500 | ||
|---|---|---|---|
| 008 | 240925s9999 xx 000 0 und d | ||
| 020 | _a9789352690718 | ||
| 082 | _a338.4791 SEB | ||
| 100 | _aJoseph, T. Sebastian Dr. | ||
| 245 | 0 | _aManagement in Ecotourism and Sustainable Development | |
| 250 | _a1st | ||
| 260 |
_aIndia: _bRandom House _c,2018. |
||
| 300 |
_a405p. _b0 _fOriginal |
||
| 500 | _aIncludes Index | ||
| 600 | _aSocial Sciences | ||
| 650 | _aSocial Sciences | ||
| 942 | _cBK | ||
| 999 |
_c16182 _d16182 |
||